|
|
|
|
| LEADER |
03269nam a2200493 4500 |
| 001 |
978-3-319-98545-9 |
| 003 |
DE-He213 |
| 005 |
20191023232423.0 |
| 007 |
cr nn 008mamaa |
| 008 |
180910s2019 gw | s |||| 0|eng d |
| 020 |
|
|
|a 9783319985459
|9 978-3-319-98545-9
|
| 024 |
7 |
|
|a 10.1007/978-3-319-98545-9
|2 doi
|
| 040 |
|
|
|d GrThAP
|
| 050 |
|
4 |
|a HD38.5
|
| 072 |
|
7 |
|a KJMV8
|2 bicssc
|
| 072 |
|
7 |
|a BUS087000
|2 bisacsh
|
| 072 |
|
7 |
|a KJMV8
|2 thema
|
| 082 |
0 |
4 |
|a 658.7
|2 23
|
| 100 |
1 |
|
|a Hilmola, Olli-Pekka.
|e author.
|4 aut
|4 http://id.loc.gov/vocabulary/relators/aut
|
| 245 |
1 |
4 |
|a The Sulphur Cap in Maritime Supply Chains
|h [electronic resource] :
|b Environmental Regulations in European Logistics /
|c by Olli-Pekka Hilmola.
|
| 250 |
|
|
|a 1st ed. 2019.
|
| 264 |
|
1 |
|a Cham :
|b Springer International Publishing :
|b Imprint: Palgrave Pivot,
|c 2019.
|
| 300 |
|
|
|a XIX, 143 p. 53 illus.
|b online resource.
|
| 336 |
|
|
|a text
|b txt
|2 rdacontent
|
| 337 |
|
|
|a computer
|b c
|2 rdamedia
|
| 338 |
|
|
|a online resource
|b cr
|2 rdacarrier
|
| 347 |
|
|
|a text file
|b PDF
|2 rda
|
| 505 |
0 |
|
|a 1 Introduction -- 2 General Economic and Trade Environment -- 3 Was Sulphur Regulation the Reason for the Growth of Unitized Cargo between Finland and Estonia? -- 4 Unitized Cargo: Growing Truck-Based Volumes at the Sea Ports of Estonia, Sweden and Finland -- 5 Maritime Supply Chains: How They Experienced Regulation Change -- 6 Longitudinal Survey Findings from Northern Europe -- 7 Simulation of Different Supply Chain Strategies -- 8 Conclusions.
|
| 520 |
|
|
|a This book examines the current and controversial topic of the sulphur cap in maritime supply chains, a new regulation set to be enforced in 2020. The author presents extensive research on three northern countries - Finland, Sweden and Estonia - and the effects they felt when these regulations were rolled out in 2015. These regional case studies are presented alongside extensive private sector data, annual reports and interviews to assess and forecast how the maritime supply chain will cope with rising costs and alternative approaches to environmental regulations. This book includes advanced regression analyses alongside interactive simulation models for the reader to evaluate new supply chain strategies and study the effects of these regulations.
|
| 650 |
|
0 |
|a Business logistics.
|
| 650 |
|
0 |
|a Industrial management-Environmental aspects.
|
| 650 |
|
0 |
|a Environmental management.
|
| 650 |
1 |
4 |
|a Supply Chain Management.
|0 http://scigraph.springernature.com/things/product-market-codes/519030
|
| 650 |
2 |
4 |
|a Corporate Environmental Management.
|0 http://scigraph.springernature.com/things/product-market-codes/528000
|
| 650 |
2 |
4 |
|a Sustainability Management.
|0 http://scigraph.springernature.com/things/product-market-codes/515040
|
| 650 |
2 |
4 |
|a Environmental Management.
|0 http://scigraph.springernature.com/things/product-market-codes/U17009
|
| 710 |
2 |
|
|a SpringerLink (Online service)
|
| 773 |
0 |
|
|t Springer eBooks
|
| 776 |
0 |
8 |
|i Printed edition:
|z 9783319985442
|
| 776 |
0 |
8 |
|i Printed edition:
|z 9783319985466
|
| 776 |
0 |
8 |
|i Printed edition:
|z 9783030075057
|
| 856 |
4 |
0 |
|u https://doi.org/10.1007/978-3-319-98545-9
|z Full Text via HEAL-Link
|
| 912 |
|
|
|a ZDB-2-BUM
|
| 950 |
|
|
|a Business and Management (Springer-41169)
|